Score 0/44 Timer 05:00
3 Plays Today
Years in Office Hybrid President % Correct
1789 - 1801George Adams
91.5%
1797 - 1809John Jefferson
85.3%
2001 - 2017George Obama
80.8%
1993 - 2009Bill Bush
80%
1989 - 2001George Clinton
78.8%
1801 - 1817Thomas Madison
77.2%
1981 - 1993Ronald Bush
75.7%
1977 - 1989Jimmy Reagan
72.6%
1809 - 1825James Monroe
71.5%
1961 - 1969John Johnson
70.9%
1969 - 1977Richard Ford
70.3%
1974 - 1981Gerald Carter
69.4%
1963 - 1974Lyndon Nixon
67.7%
1953 - 1963Dwight Kennedy
65.3%
1817 - 1829James Adams
64.8%
1945 - 1961Harry Eisenhower
62.6%
1933 - 1953Franklin Truman
62.5%
1861 - 1869Abraham Johnson
55.7%
1929 - 1945Herbert Roosevelt
55.4%
1825 - 1837John Jackson
55.4%
1829 - 1841Andrew Van Buren
49.7%
1923 - 1933Calvin Hoover
49.4%
Years in Office Hybrid President % Correct
1865 - 1877Andrew Grant
47.1%
1837 - 1841Martin Harrison
43.5%
1901 - 1913Theodore Taft
42.2%
1857 - 1865James Lincoln
42%
1841 - 1845William Tyler
41.1%
1913 - 1923Woodrow Harding
40.9%
1897 - 1909William Roosevelt
40.5%
1921 - 1929Warren Coolidge
38.9%
1841 - 1849John Polk
38.3%
1909 - 1921William Wilson
37.7%
1845 - 1850James Taylor
37.1%
1869 - 1881Ulysses Hayes
36.1%
1893 - 1901Grover McKinley
34.7%
1850 - 1857Millard Pierce
34.1%
1881 - 1889Chester Cleveland
33.4%
1853 - 1861Franklin Buchanan
33.2%
1849 - 1853Zachary Fillmore
33.1%
1885 - 1893Grover Harrison
32.7%
1881 - 1885James Arthur
32.3%
1877 - 1881Rutherford Garfield
32.2%
1889 - 1897Benjamin Cleveland
30.9%
2009 - Barack Trump
19.8%

You're not logged in!

Compare scores with friends on all Sporcle quizzes.
OR
Log In

Sporcle TV

Today on Sporcle TV


Watch our educational content, quiz creation guides, and fun videos on Sporcle TV.

Show Comments

Extras

Top Quizzes Today


Score Distribution

Paid Content

Your Account Isn't Verified!

In order to create a playlist on Sporcle, you need to verify the email address you used during registration. Go to your Sporcle Settings to finish the process.

Report this User

Report this user for behavior that violates our Community Guidelines.

Details: